[Event "Bahn-chHT"]
[Site "Winterberg"]
[Date "2004.09.30"]
[Round "5"]
[White "Goedecke, Karsten"]
[Black "Welsch, Lothar"]
[Result "1-0"]
[WhiteElo "1495"]
[BlackElo "1762"]
[PlyCount "35"]
[EventDate "2004.09.26"]
[EventType "swiss"]
[EventRounds "7"]
[EventCountry "GER"]
[SourceTitle "EXT 2013"]
[Source "ChessBase"]
[SourceDate "2012.11.22"]
[SourceVersion "1"]
[SourceVersionDate "2012.11.22"]
[SourceQuality "1"]

1. e4 c5 2. Nc3 e5 3. f4 exf4 4. Nf3 Nc6 5. Bc4 d6 6. d3 Be6 7. Bxf4 Nf6 8. Bxe6 fxe6 9. 0-0 e5 10. Bd2 Be7 11. Qe1 0-0 12. Ne2 Nd4 13. Nexd4 cxd4 14. c4 Rc8 15. Nh4 Rf7 16. Nf5 Bf8 17. Qg3 Nh5 18. Nh6+ 1-0

[Event "Bahn-chHT"]
[Site "Winterberg"]
[Date "2004.09.27"]
[Round "2"]
[White "Goedecke, Karsten"]
[Black "Osten, Stefan"]
[Result "1-0"]
[WhiteElo "1495"]
[BlackElo "1606"]
[PlyCount "65"]
[EventDate "2004.09.26"]
[EventType "swiss"]
[EventRounds "7"]
[EventCountry "GER"]
[SourceTitle "EXT 2013"]
[Source "ChessBase"]
[SourceDate "2012.11.22"]
[SourceVersion "1"]
[SourceVersionDate "2012.11.22"]
[SourceQuality "1"]

1. e4 e5 2. Nf3 Nc6 3. Bc4 Be7 4. d4 exd4 5. Nxd4 Ne5 6. Bb3 d6 7. h3 Nf6 8. Nc3 h6 9. a3 Bd7 10. Be3 a6 11. f4 Nc6 12. 0-0 Nxd4 13. Bxd4 Be6 14. Bxe6 fxe6 15. e5 dxe5 16. fxe5 Nh7 17. Qh5+ Kd7 18. Rad1 Kc8 19. Qg4 Qg8 20. Ne4 b6 21. Rd3 Kb7 22. Rb3 Ka7 23. a4 Ng5 24. Nd6 Rd8 25. a5 Rb8 26. axb6+ cxb6 27. c4 Bxd6 28. exd6 e5 29. Qd7+ Rb7 30. Bxb6+ Ka8 31. Qa4 Kb8 32. Bc7+ Kc8 33. Qxa6 1-0